000 02720nam a22003137a 4500
003 DO-SdBNP
005 20220628114537.0
008 171123b2008 sp a 00| 0 spa d
020 _a9788484734673
040 _aBPMSU
_bspa
_cBPMSU
082 _a617.643
_b
245 0 0 _aCirugía bucal /
_beditores Cosme Gay Escoda, Leonardo Berini Aytés ; prólogo Manuel Alfonso Villa Vigil
260 _aBarcelona :
_bOcéano / ergon,
_c2007.
300 _av. :
_bil. ;
_c29 cm.
500 _aIncluye índice analítico
504 _aBibliografía : p. 653-687
505 0 _av. 1 : 1 La Cirugía Bucal como especialidad Principios básicos de la Cirugía Bucal, Estudio clínico y radiológico del paciente, Información y consentimiento ; 2 Instrumental y material quirúrgico, Asepsia y esterilización ; 3 La intervención quirúrgica, Estudios preoperatorios. Hemostasia ; 4 Tiempos operatorios en Cirugía Bucal ; 5 Técnicas anestésicas en Cirugía Bucal ; 6 Principios básicos de la exodoncia ; 7 Extracción de dientes permanentes en el maxilar superior y en la mandíbula ; 8 Extracción de restos radiculares, Exodoncias complejas, Exodoncia quirúrgica, Odontosección ; 9 Extracción de dientes erupcionado en posición ectópica, Exodoncias múltiples. Alveoloplastia. Extracción de dientes temporales ; 10 Accidentes y complicaciones de la exodoncia -- v. 2 : 11 Dientes incluidos. Causas de la inclusión dentaria, Posibilidades terapéuticas ante una inclusión dentaria ; 12 Cordales incluidos. Patología, clínica y tratamiento del tercer molar incluido ; 13 Cordales incluidos. Exodoncia quirúrgica, Complicaciones ; 14 Caninos incluidos. Patología,clínica y tratamiento ; 15 Otras inclusiones dentarias, Mesiodens y otros dientes supernumerarios. Dientes temporales supernumerarios. Dientes temporales incluidos ; 16 Tratamiento ortodóncico-quirúrgico de los dientes incluidos ; 17 Frenillos bucales ; 18 La infección odontogénica: concepto,etiopatogenia, bacteriología y clínica ; 19 Vías de propagación de la infección odontogénica ; 20 Normas generales de tratamiento de la infección odontogénica. Antibioticoterapia. Profilaxis de las infecciones postquirúrgica y a distancia ; 21 Tratamiento quirúrgico de la infección odontogénica ; Bibliografía índice analítico.
_8
590 _6Inventariado, 2022/VM
650 4 _aOdontología.
650 4 _aCirugía dental.
650 4 _aEstomatología.
700 1 _aGay Escoda, Cosme,
_eeditor
700 1 _aBerini Aytés, Leonardo,
_eeditor
700 1 _aVilla Vigil, Manuel Alfonso,
_eprólogo
710 2 _aOcéano
942 _2ddc
_cBK
945 _aInventario extranjero / 2017 BT
956 _aBTAVAREZ
_b10
_c20111123
_d0038
999 _c13045
_d13045